|
003 -Nazwa inst., której nr kontr. jest w polu 001 [,]
|
-
- @
- Nazwa instytucji, której n kontrolny jest w polu 001
- NUKAT
|
|
005 -DATA I CZAS OSTATNIEJ MODYFIKACJI [,]
|
-
- @
- pole kontrolne
- 20241231115503.0
|
|
020 -Międzynarod. znormalizowany nr książki - ISBN [ , ]
|
-
- a
- Numer ISBN
- 8390163772
|
|
040 -Instytucja sporządzająca opis [ , ]
|
-
- a
- Instytucja, która sporządziła opis (NP)
- Ł U/BM
-
- c
- Instytucja, która sporządziła rekord (NP)
- Ł U/BM
-
- d
- Instytucja, która zmodyfikowała rekord (P)
- Ł U/GS
-
- d
- Instytucja, która zmodyfikowała rekord (P)
- Ł U/TKs
-
- d
- Instytucja, która zmodyfikowała rekord (P)
- WR O/PCs
-
- d
- Instytucja, która zmodyfikowała rekord (P)
- WR O/AK
|
|
041 -Język dokumentu [0, ]
|
-
- a
- Język tekstu (P)
- polski
-
- a
- Język tekstu (P)
- niemiecki
|
|
942 -Rodzaj dokumentu [ , ]
|
-
- c
- Rodzaj dokumentu
- Książka
|
|
245 -Strefa tytułu i oznaczenia odpowiedzialności [1,0]
|
-
- a
- Tytuł
- Słownik nazewnictwa krajoznawczego polsko-niemiecki i niemiecko-polski :
-
- b
- Ciąg dalszy tytułu (NP)
- Śląsk, Ziemia Lubuska, Pomorze Zachodnie, Warmia i Mazury = Wörterbuch der landeskundlichen Namen Polnisch-Deutsch und Deutsch-Polnisch : Schlesien, Ostbrandenburg, Pommern, Ostpreussen /
-
- c
- Pozostałe elementy strefy tytułu i oznaczenia odpowiedzialności (NP)
- Marek J. Battek, Joanna Szczepankiewicz.
|
|
246 -Wariant tytułu [3,1]
|
-
- a
- Tytuł (NP)
- Wörterbuch der landeskundlichen Namen polnisch-deutsch und deutsch-polnisch :
-
- b
- Ciąg dalszy tytułu (NP)
- Schlesien, Ostbrandenburg, Pommern, Ostpreussen
|
|
250 -Strefa wydania [ , ]
|
-
- a
- Oznaczenie wydania (NP)
- Wyd. 4 całkowicie zm.
|
|
260 -Strefa adresu wydawniczego [ , ]
|
-
- a
- Miejsce wydania (P)
- Wrocław :
-
- b
- Nazwa wydawcy (P)
- "Silesia",
-
|
|
080 -Uniwersalna Klasyfikacja Dziesiętna [ , ]
|
-
- a
- Symbol klasyfikacji
- 808.4-311(038)=30=84
|
|
080 -Uniwersalna Klasyfikacja Dziesiętna [ , ]
|
-
- a
- Symbol klasyfikacji
- :803.0-311(038)=30=84
|
|
080 -Uniwersalna Klasyfikacja Dziesiętna [ , ]
|
-
- a
- Symbol klasyfikacji
- :913(438)(038)=30=84
|
|
650 -Hasło przedmiotowe [ ,7]
|
-
- a
- Hasło przedmiotowe
- Nazwy geograficzne niemieckie
-
- z
- Określnik geograficzny
- Dawne terytoria niemieckie na Wschodzie.
-
-
|
|
650 -Hasło przedmiotowe [ ,7]
|
-
- a
- Hasło przedmiotowe
- Nazwy geograficzne polskie
-
- z
- Określnik geograficzny
- Dawne terytoria niemieckie na Wschodzie.
-
-
|
|
651 -Hasło przedmiotowe w formie nazwy geograficznej [ ,7]
|
-
- a
- Nazwa geograficzna
- Dawne terytoria niemieckie na Wschodzie
-
- v
- Określnik formalny
- spisy geograficzne.
-
-
|
|
980 -Symbol UKD [ , ]
|
-
- a
- UKD
- 808.4-311:803.0-311:913(438)](038)=30=84
|